| 000 | 02889 am a2200745 a 4500 | ||
|---|---|---|---|
| 005 | 20251028090541.0 | ||
| 008 | 100705s1980||||ag d f |||| 001 0 spa d | ||
| 020 | _aS/N | ||
| 041 | _aspa | ||
| 092 |
_c616.39 _l52 _sMIK |
||
| 100 | 1 |
_aMikal, Stanley. _91097 |
|
| 245 |
_aHomeostasis en el hombre. _bFluidos, electrolitos, proteinas, vitaminas y minerales en su aspecto clinico / _cStanley Mikal. |
||
| 250 |
_a1a ed. 8a reimp. _bTraducción Juan Jorge Thomas. |
||
| 260 |
_aBuenos Aires: _bEl Ateneo; _c1980. |
||
| 300 | _a415 p. | ||
| 500 | _aMikal, S. (1980). Homeostasis en el hombre. Fluidos, electrolitos, proteínas, vitaminas y minerales en su aspecto clínico. (1a ed.). Buenos Aires : El Ateneo. | ||
| 653 | _aAgua del organismo | ||
| 653 | _aElectrolitos | ||
| 653 | _aEquilibrio acido-base | ||
| 653 | _aAcidosis y alcalosis | ||
| 653 | _aAcidosis y alcalosis respiratorias | ||
| 653 | _aEfecto del stress sobre las glándulas suprarrenales y los riñones | ||
| 653 | _aAldosterona | ||
| 653 | _aHormona antidiuretica | ||
| 653 | _aFunciones del nefrón | ||
| 653 | _aVómitos, succión gastrica y obstrucción pilórica | ||
| 653 | _aObstrucción del intestino delgado | ||
| 653 | _aObstrucción crónica del intestino delgado o ileostomia defectuosa | ||
| 653 | _aIleostomía o fistulas entericas | ||
| 653 | _aObstrucción del intestino grueso | ||
| 653 | _aDiarrea | ||
| 653 | _aFistula biliar | ||
| 653 | _aFistula pancreatica | ||
| 653 | _aPeritonitis | ||
| 653 | _aAnemia perniciosa, anacidez gástrica o hipoclorhidria | ||
| 653 | _aSindrome de hiperalimentación | ||
| 653 | _aInsuficiencia renal crónica y uremia | ||
| 653 | _aObstrucción urinaria | ||
| 653 | _aNefrosis tubular aguda (nefrosis del nefrón distal) | ||
| 653 | _aNefritis desalinizante | ||
| 653 | _aAcidosis tubular renal | ||
| 653 | _aAcidosis hipercloremica consecutiva a la ureteroenterostomia | ||
| 653 | _aInsuficiencia suprarrenal | ||
| 653 | _aDiabetes mellitus | ||
| 653 | _aCirrosis hepatica y metabolismo del amoniaco | ||
| 653 | _aManitol, dextran y tham | ||
| 653 | _aQuemaduras | ||
| 653 | _aHipertensión esencial o maligna | ||
| 653 | _aCatecolaminas | ||
| 653 | _aInsuficiencia cardiaca congestiva | ||
| 653 | _aPerfusión extracorporal | ||
| 653 | _aSindrome de hiperventilación | ||
| 653 | _aSindrome de exceso de leche y alcalis | ||
| 653 | _aCalor, traspiración y sal | ||
| 653 | _aLíquidos y electrolitos en geriatría | ||
| 653 | _aLíquidos y electrolitos en pediatría | ||
| 653 | _aProteinas | ||
| 653 | _aEfectos metabolicos de la preparación intestinal preoperatoria | ||
| 653 | _aAlcalosis postraumatica | ||
| 653 | _aRespuesta del organismo a la cirugía mayor | ||
| 653 | _aSoluciones endovenosas | ||
| 653 | _aAlimentación por sonda | ||
| 930 | _a1346 | ||
| 942 |
_2ddc _cBK |
||
| 999 |
_c476 _d476 |
||